000 00992nac a22002651i 4500
003 EG-ScBUE
005 20250320100746.0
008 250309r20031997ii a frb 000 0 eng d
020 _a8121913950
020 _a9788121913959
040 _aEG-ScBUE
_beng
_erda
_cEG-ScBUE
_dEG-ScBUE
082 0 4 _a519.2
_bXAV
_222
100 1 _aXavier, S. P. Eugene,
_eauthor.
245 1 0 _aProbability theory and random processes :
_bfor engineering students and practising engineers /
_cS. P. Eugene Xavier, M.E., M.I.S.T.E., professor education and research Wing infosys technologies limited.
264 1 _aRam Nagar, New Delhi :
_bS. Chand & Copmpany Ltd.,
_c2003.
300 _axii, 271 pages :
_billustrations ;
_c20 cm
336 _2rdacontent
_atext
_btxt
337 _aunmediated
_2rdamedia
_bn
338 _avolume
_bnc
_2rdacarrier
500 _aIncludes appendix.
504 _aIncludes bibliographical references.
650 7 _aProbabilities.
_2BUEsh
655 _vReading book
942 _cBB
_2ddc
999 _c6496
_d6496